| 000 | 00435nam a2200157 a 4500 | ||
|---|---|---|---|
| 001 | 3694 | ||
| 003 | CDMR | ||
| 005 | 20130315105708.0 | ||
| 008 | 130130s2001||||||||||||||||||||||||||||d | ||
| 020 | _a8466400621 | ||
| 040 |
_aCDMR _bcat _cCPC GIRONA |
||
| 100 | 1 |
_aEggers, Dave _92632 |
|
| 245 | 1 | 4 |
_aUna història commovedora, sorprenent i genial _cDave Eggers ; traducció Joan Solé |
| 260 |
_c2001 _bColumna _aBarcelona |
||
| 942 |
_cMON _2udc |
||
| 999 |
_c3694 _d3694 |
||